000 00674nam a2200253Ia 4500
003 OSt
005 20220918174903.0
006 a|||||r|||| 00| 0
007 ta
008 220917b |||||||| |||| 00| 0 eng d
024 _a14,524
037 _cTextual
040 _aARTS
_cARTS
_beng
041 _2eng
_aeng
082 _aNQ2,N, L4-;1
100 _aKhadalavala Karl
_952092
245 0 _aDevelopment of style in Indian painting
260 _aIndia
_bMacmillan
_c1974
300 _aix, 99p.
_ccm.
490 _aHeras memorial lectures; 1969
650 _aARTS
942 _hNQ2,N, L4-;1
_cTEXL
_2CC
999 _c155072
_d155072